000 00659nab a2200181 4500
999 _c372268
_d372268
001 90031
003 OSt
005 20230303130412.0
007 tu
008 110905s2000|||||||
040 _aDE-2950
_cDE-2950
245 0 0 _a150 Jahre altes Instrument wieder zum Klingen und Strahlen gebracht.
_bViele Stunden Arbeit stecken in der Restaurierung des Echo-Cornets aus der Zeit von etwa 1870 bis 1880 ... /
_cFoto: René Matschkowiak
264 _c2023
653 _aFrankfurt (Oder)
653 _aDobberstein, Christian und Hartmut; Instrumentenbauer
773 0 _g34. Jahrgang (2023) Nr. 50, 28.02.2023, S. 13: Foto
_tMärkische Oderzeitung
942 _2z
_cA